Labor del pleno (21-24 de marzo de 1927) (Registro nro. 124825)

Detalles MARC
000 -LEADER
campo de control de longitud fija 00836nam a2200193 i 4500
001 - NÚMERO DE CONTROL
campo de control 124825
003 - IDENTIFICADOR DE NÚMERO DE CONTROL
campo de control ES-MaACL
005 - FECHA Y HORA DE LA ÚLTIMA TRANSACCIÓN
campo de control 20230906192514.0
007 - CAMPO FIJO DE DESCRIPCIÓN FÍSICA--INFORMACIÓN GENERAL
campo de control de longitud fija t|
008 - DATOS DE LONGITUD FIJA--INFORMACIÓN GENERAL
campo de control de longitud fija 070420s1927 sp ||||1| spa d
110 2# - ENTRADA PRINCIPAL--NOMBRE DE ENTIDAD CORPORATIVA
Nombre de entidad corporativa o nombre de jurisdicción como elemento de entrada Comisión Asesora Nacional Patronal y Obrera (España)
9 (RLIN) 3007
245 10 - MENCIÓN DEL TÍTULO
Título Labor del pleno (21-24 de marzo de 1927)
Resto del título : resumen de las sesiones celebradas, acuerdos, documentación anexacelebradas, acuerdos, documentación anexa /
Mención de responsabilidad, etc. Comision Asesora Nacional Patronal y Obrera V.
260 ## - PUBLICACIÓN, DISTRIBUCIÓN, ETC.
Lugar de publicación, distribución, etc. Madrid :
Nombre del editor, distribuidor, etc. [s.n.],
Fecha de publicación, distribución, etc. 1927 (
Fabricante Sobrinos Sucesores de Minuesa de los Ríos)
300 ## - DESCRIPCIÓN FÍSICA
Extensión 248 p. ;
Dimensiones 21 cm.
490 1# - MENCIÓN DE SERIE
Mención de serie Publicaciones del Instituto Nacional de Previsión ;
Designación de volumen o secuencia 169
830 0# - PUNTO DE ACCESO ADICIONAL DE SERIE-TÍTULO UNIFORME
Título uniforme Publicaciones del Instituto Nacional de Previsión ;
Designación de volumen o secuencia 169
9 (RLIN) 181151
852 ## - LOCALIZACIÓN
Ubicación ES-MaACL
Número de control de estantería C-12632(4)
Existencias
Estatus retirado Estado de pérdida Estado de daño No para préstamo Biblioteca de origen Biblioteca actual Ubicación en estantería Fecha de adquisición Fuente de adquisición Total de préstamos Signatura topográfica completa Código de barras Visto por última vez Precio de reemplazo Tipo de ítem Koha
        Biblioteca del Ateneo de Madrid Biblioteca del Ateneo de Madrid Sala Palomar 17/01/2008     C-12632(4) 1130056 23/02/2023 23/02/2023 Libro impreso